[Event "EWCCC Online Final 2020"]
[Site "Online"]
[Date "2020.12.21"]
[Round "3.5"]
[White "Kosteniuk, Alexandra"]
[Black "Balajayeva, Khanim"]
[Result "1-0"]
[WhiteElo "2471"]
[BlackElo "2376"]
[Annotator "TA"]
[PlyCount "133"]
[EventDate "2020.12.19"]
[EventType "team-tourn"]
[EventCountry "NET"]
[SourceTitle "playchess.com"]
[Source "ChessBase"]
[SourceQuality "1"]

{[%evp 24,133,29,23,23,15,12,18,9,10,18,0,9,13,12,20,154,147,150,150,154,141,141,141,141,141,195,203,259,267,258,223,272,262,322,208,320,146,157,157,154,161,243,189,177,188,181,141,137,125,224,225,253,234,240,233,304,291,291,270,235,271,206,168,348,15,178,170,433,370,413,402,399,370,629,633,637,641,598,626,643,632,635,631,641,616,625,603,562,547,658,520,641,510,676,679,2804,2375,2204,2188,2058,2056,29984,29985,29986,1263,29976,29977,29985,29986,29992,29993]} 1. e4 e5 2. Nf3 Nc6 3. Bb5 a6 4. Ba4 Nf6 5. O-O Be7 6. Re1 b5 7. Bb3 d6 8. c3 O-O 9. h3 Nb8 10. d4 Nbd7 11. Nbd2 Bb7 12. Bc2 c5 13. d5 c4 {C95: Closed Ruy Lopez: Breyer Variation with 10 d4.} 14. Nf1 {[%cal Bd2f1,Bf1g3,Bg3f5][%mdl 32]} Qc7 15. Ng3 g6 {The position is equal.} 16. Bh6 Rfb8 17. Nh2 {[#]} Bc8 $146 ({Predecessor:} 17... a5 18. Rf1 Ba6 19. f4 exf4 20. Rxf4 Ne5 21. Qd2 Nfd7 22. Raf1 Qd8 23. Ne2 Bg5 24. Bxg5 Qxg5 {1-0 (37) Michalik,P (2573)-Nasuta,G (2533) Katowice 2019}) 18. Qd2 a5 19. a3 Qb7 {[#]} (19... Ra7 $11) 20. Nf5 $1 $36 {[%cal Rf5e7][%mdl 2560] White has strong initiative.} Nf8 (20... gxf5 21. Qg5+) 21. Nxe7+ Qxe7 22. Bg5 h5 23. f4 N8h7 24. Bh4 Qa7+ (24... Qf8 $16 {might work better.} 25. fxe5 dxe5) 25. Kh1 $18 Ne8 26. fxe5 dxe5 27. Qh6 Qc7 28. Nf3 Rb6 {White must now prevent ...g5.} 29. Bf2 Rba6 (29... Rf6 $142) 30. Ng5 (30. Bg3 $18) 30... Nxg5 31. Qxg5 Kg7 32. Be3 b4 (32... Nf6 {was called for.} 33. Rf1 Ng8) 33. Bd1 ({Less strong is} 33. cxb4 axb4 34. a4 b3 $16) 33... bxc3 34. bxc3 Nf6 35. Bf3 Bd7 36. Rf1 Qd6 (36... Ba4 $16 {keeps fighting.}) 37. Rf2 Be8 38. Qh4 Nh7 39. Be2 Rc8 40. g4 hxg4 41. hxg4 g5 42. Bxg5 Qg6 43. Bd2 {Strongly threatening g5.} Bd7 $2 (43... f6 44. Kg1 Qxe4) 44. Qe7 $2 ({White should try} 44. g5 $18 {aiming for Bh5.} Rh8 45. Rh2) 44... Rh8 $2 {Black cannot hold the game after this.} (44... Nf6 $11 45. g5 Rh8+ 46. Kg1 Re8 47. Rxf6 Rxe7 48. Rxg6+ Rxg6) 45. Qxe5+ Kg8 $2 (45... Rf6 {is a better defense.}) 46. Rh2 Ra8 47. Bf3 Re8 48. Qh5 Qf6 $2 (48... Qg7 49. g5 f6 50. gxf6 Nxf6 51. Qxh8+ Qxh8) 49. g5 Qg7 50. Rg1 Nf8 51. Qxh8+ Qxh8 52. Rxh8+ Kxh8 53. Be3 Ng6 54. Bd4+ Kg8 55. Kg2 Rb8 56. Kg3 Rb3 57. Ra1 a4 58. e5 Rb2 59. Re1 Ne7 60. e6 fxe6 61. dxe6 Bc8 62. Bc5 Nf5+ 63. Kf4 Ng7 64. Bg4 (64. e7 $142 Be6 {[#]} 65. e8=Q+ $1 {[%mdl 576] Deflection} Nxe8 66. Rxe6 Nc7 67. Re7 Ne6+ 68. Rxe6 Rd2 69. Re7) 64... Rb5 65. Bd4 {White mates.} Ne8 66. Rh1 {[%csl Gd4][%cal Rh1h8]} Kf8 67. Bf6 {Accuracy: White = 74%, Black = 46%.} 1-0

[Event "EWCCC Online Final 2020"]
[Site "Online"]
[Date "2020.12.21"]
[Round "3.5"]
[White "Mammadova, Gulnar"]
[Black "Kashlinskaya, Alina"]
[Result "1-0"]
[WhiteElo "2382"]
[BlackElo "2494"]
[Annotator "RC"]
[PlyCount "75"]
[EventDate "2020.12.19"]
[EventType "team-tourn"]
[EventCountry "NET"]
[SourceTitle "playchess.com"]
[Source "ChessBase"]
[SourceQuality "1"]
[TimeControl "900+5"]

1. e4 {[%emt 0:00:00]} e6 {[%emt 0:00:02]} 2. Qe2 {[%emt 0:00:05]} Nc6 {[%emt 0:00:05]} 3. c3 {[%emt 0:00:03]} e5 {[%emt 0:00:08]} 4. g3 {[%emt 0:00:05]} Nf6 {[%emt 0:00:02]} 5. Bg2 {[%emt 0:00:04]} d5 {[%emt 0:00:19]} 6. exd5 {[%emt 0:00:32]} Nxd5 {[%emt 0:00:03]} 7. d4 {[%emt 0:00:06]} Be6 {[%emt 0:01:39]} 8. dxe5 {[%emt 0:00:11]} Qd7 {[%emt 0:00:03]} 9. Nf3 {[%emt 0:00:04]} O-O-O {[%emt 0:00:45]} 10. O-O {[%emt 0:00:12]} Bh3 {[%emt 0:00:03]} 11. c4 {[%emt 0:01:11]} Bxg2 {[%emt 0:00:50]} 12. Kxg2 {[%emt 0:00:06]} Nb6 {[%emt 0:00:09]} 13. Be3 {[%emt 0:02:33]} h5 {[%emt 0:01:11]} 14. Bxb6 {[%emt 0:01:11]} axb6 {[%emt 0:00:04]} 15. Nc3 {[%emt 0:00:03]} Be7 {[%emt 0:01:31]} 16. Rad1 {[%emt 0:00:53]} Qe6 {[%emt 0:00:05]} 17. Nd5 {[%emt 0:00:05]} g5 {[%emt 0:01:51]} 18. Nxe7+ {[%emt 0:01:23]} Qxe7 {[%emt 0:00:03]} 19. Rxd8+ {[%emt 0:00:02]} Rxd8 {[%emt 0:00:10]} 20. Re1 {[%emt 0:00:47]} g4 {[%emt 0:01:00]} 21. Nh4 {[%emt 0:00:03]} Qe6 {[%emt 0:00:02]} 22. b3 {[%emt 0:00:20]} Rd4 {[%emt 0:00:19]} 23. Qe3 {[%emt 0:00:11]} Qd7 {[%emt 0:00:39]} 24. Qg5 {[%emt 0:00:48]} Rd2 {[%emt 0:00:07]} 25. Qxh5 {[%emt 0:00:35]} Kb8 {[%emt 0:01:00]} 26. e6 {[%emt 0:00:37]} fxe6 {[%emt 0:02:20]} 27. Qxg4 {[%emt 0:00:03]} Nd4 {[%emt 0:00:04]} 28. Nf3 {[%emt 0:00:41]} Qc6 {[%emt 0:00:14]} 29. Qe4 {[%emt 0:00:03]} Nxf3 {[%emt 0:00:39]} 30. Qxf3 {[%emt 0:00:04]} Qd6 {[%emt 0:00:16]} 31. h4 {[%emt 0:01:32]} Rxa2 {[%emt 0:00:03]} 32. h5 {[%emt 0:00:15]} Qd2 {[%emt 0:00:04]} 33. Qe3 {[%emt 0:00:14]} Qc2 {[%emt 0:00:20]} 34. h6 {[%emt 0:00:15]} Rb2 {[%emt 0:00:03]} 35. Re2 {[%emt 0:00:20]} Qxe2 {[%emt 0:00:17]} 36. Qxe2 {[%emt 0:00:02]} Rxe2 {[%emt 0:00:01]} 37. h7 {[%emt 0:00:01]} Rb2 {[%emt 0:00:01]} 38. h8=Q+ {[%emt 0:00:03]} 1-0

[Event "EWCCC Online Final 2020"]
[Site "Online"]
[Date "2020.12.21"]
[Round "3.5"]
[White "Mamedjarova, Turkan"]
[Black "Benmesbah, Natacha"]
[Result "1-0"]
[WhiteElo "2309"]
[BlackElo "2223"]
[Annotator "TA"]
[PlyCount "59"]
[EventDate "2020.12.19"]
[EventType "team-tourn"]
[EventCountry "NET"]
[SourceTitle "playchess.com"]
[Source "ChessBase"]
[SourceQuality "1"]

{[%evp 25,59,23,16,25,42,33,51,59,58,45,35,36,63,33,37,40,44,6,8,16,21,-5,5,0,0,-18,0,0,105,102,130,132,759,602,781,743]} 1. d4 Nf6 2. c4 c5 3. d5 g6 4. Nc3 Bg7 5. e4 d6 6. Nf3 O-O 7. Bd3 e6 8. O-O exd5 9. cxd5 a6 10. a4 Bg4 11. h3 Bxf3 12. Qxf3 Nbd7 13. Bf4 Qe7 14. Bc2 {A70: Modern Benoni: 6 e4 g6 7 Nf3.} Ne5 15. Qe2 Nfd7 {[#]} 16. a5 $146 {White is slightly better.} ({Predecessor:} 16. Bh2 c4 17. f4 Nd3 18. Bxd3 cxd3 19. Qf3 Nc5 20. Rae1 d2 21. Re2 Nb3 22. Qg3 Rac8 23. e5 f5 24. Nd1 Nc5 25. Nc3 Nb3 {½-½ (25) Hilario,A (2175)-Kucharska,H (2073) Porto Carras 2018}) 16... Rac8 {[%cal Ba8c8,Bc8c5,Bc5b5][%mdl 32]} 17. Bd2 {[#] Threatens to win with f4.} c4 18. Na4 Rfe8 19. Rfe1 Nc5 20. Nxc5 Rxc5 21. Bb4 Rb5 22. Bc3 $36 {[%mdl 2048] White has the initiative.} Rc8 23. Ra4 Qc7 24. Rd1 Nd7 {Threatening ...Bxc3.} 25. Qd2 Bxc3 26. Qxc3 Qc5 {[#]} (26... Qd8 $11 {remains equal.}) 27. Rd4 $1 $16 {[%cal Rd4c4]} Ne5 28. f4 {Hoping for Kh2.} Nd3 $2 {[%mdl 8192]} (28... Qa7 $16) 29. Bxd3 {[%cal Ra4c4]} cxd3 30. Rac4 {Weighted Error Value: White=0.21/Black=0.27} 1-0

[Event "EWCCC Online Final 2020"]
[Site "Online"]
[Date "2020.12.21"]
[Round "4.1"]
[White "Zawadzka, Jolanta"]
[Black "Mammadzada, Gunay"]
[Result "1-0"]
[WhiteElo "2399"]
[BlackElo "2443"]
[Annotator "TA"]
[PlyCount "103"]
[EventDate "2020.12.19"]
[EventType "team-tourn"]
[EventCountry "NET"]
[SourceTitle "playchess.com"]
[Source "ChessBase"]
[SourceQuality "1"]

{[%evp 14,103,36,28,39,48,60,38,52,58,86,63,73,22,32,18,70,63,56,56,81,55,69,67,72,59,58,56,61,71,109,107,107,107,101,101,120,124,282,278,277,277,288,262,265,262,354,344,349,311,288,258,378,351,374,356,421,416,520,521,511,452,452,451,477,466,468,526,481,470,534,517,519,508,569,563,538,507,765,747,1217,1143,1012,975,1712,1090,29974,29975,29979,29980,29992,29987]} 1. e4 c5 2. Nf3 d6 3. d4 cxd4 4. Nxd4 Nf6 5. Nc3 a6 6. Be3 e5 7. Nb3 Be6 8. f4 Be7 {B90: Sicilian Najdorf: Unusual White 6th moves, 6 Be3 Ng4 and 6 Be3 e5.} 9. f5 Bd7 10. g4 {[#] Threatens to win with g5.} Bc6 $146 {White is slightly better.} ({Predecessor:} 10... h5 11. gxh5 Bc6 12. Qf3 Nxe4 13. Nxe4 Bh4+ 14. Kd2 d5 15. Qg4 dxe4+ 16. Kc1 Nd7 {½-½ (40) Hammer,J (2583)-Shytaj,L (2455) Tromsoe 2009}) 11. Bg2 Nfd7 12. O-O Nb6 13. Qd3 ({Better is} 13. Na5 $16) 13... N8d7 14. a4 {[%cal Ba2a4,Ba4a5][%mdl 32]} Rc8 ({Black should play} 14... a5 $11) 15. a5 Na8 16. Nd2 $36 {[%mdl 2048] Black is under pressure.} Nc7 17. Rfd1 O-O 18. Nc4 Nb5 19. Nb6 {Nxb5 is the strong threat.} Nxb6 20. Bxb6 Qd7 {With the idea ...Nxc3.} 21. Ne2 Bf6 22. c4 Nd4 23. Nxd4 exd4 24. Bxd4 Bxd4+ 25. Qxd4 Rfe8 $2 {[#] Black cannot hold the game after this.} (25... Qe7 $16 26. Ra3 (26. Qxd6 Qg5 $16) 26... Rfe8) 26. c5 $18 Bb5 27. Qxd6 Qc7 28. Qxc7 Rxc7 29. b4 Be2 30. Rd6 Bxg4 31. Kf2 f6 32. Ra2 Kf7 (32... Bh5 {keeps fighting.} 33. Rad2 Kf8) 33. Kg3 Bh5 34. h4 Re5 35. Rad2 Ke7 36. Kf4 Kf8 37. R2d4 Be8 38. Bf1 Bc6 39. Bc4 Rc8 40. Re6 Re8 41. Rxe8+ Rxe8 {[%mdl 4096] Endgame KRB-KRB} 42. Be6 Ke7 43. e5 h6 44. Rd6 Rf8 45. exf6+ Rxf6 (45... gxf6 $142 46. Bc4 Bg2) 46. Ke5 g6 47. Bc8 Rf8 48. f6+ Ke8 49. Be6 g5 50. h5 {White mates.} g4 51. Bxg4 Rg8 {[#]} 52. f7+ $1 {[%mdl 64] Discovered Attack, Decoy.  Weighted Error Value: White=0.10/Black=0.45} 1-0

[Event "EWCCC Online Final 2020"]
[Site "Online"]
[Date "2020.12.21"]
[Round "4.1"]
[White "Mammadova, Gulnar"]
[Black "Sliwicka, Alicja"]
[Result "1/2-1/2"]
[WhiteElo "2382"]
[BlackElo "2333"]
[Annotator "TA"]
[PlyCount "65"]
[EventDate "2020.12.19"]
[EventType "team-tourn"]
[EventCountry "NET"]
[SourceTitle "playchess.com"]
[Source "ChessBase"]
[SourceQuality "1"]

{[%evp 9,65,11,20,8,16,10,13,11,14,-15,6,-6,0,-28,-10,-17,-20,-43,-7,-15,0,0,0,0,0,0,0,0,0,0,21,0,0,-13,0,0,0,0,0,-20,-12,-22,0,0,0,0,0,0,0,0,0,0,0,0,0,0,0,0]} 1. e4 c5 2. Nf3 d6 3. Bb5+ Bd7 4. c4 e5 5. Nc3 g6 6. d3 {B52: Sicilian: Moscow Variation with 3...Bd7.} Bg7 {[#]} 7. Bg5 $146 ({Predecessor:} 7. Nd5 f6 8. b4 Bxb5 9. cxb5 Ne7 10. Qb3 Nd7 11. Be3 Nb6 12. Nxe7 Qxe7 13. Rc1 {0-1 (56) Taulbut,S (2380)-Kraehenbuehl,G Copenhagen 1981}) 7... f6 8. Be3 Ne7 9. Qd2 O-O 10. Bxd7 Qxd7 11. Bh6 Nbc6 12. Bxg7 Kxg7 13. Nd5 Nxd5 14. cxd5 {The position is equal.} Nd4 15. Nxd4 cxd4 16. O-O f5 17. f4 fxe4 18. dxe4 Qg4 {[%cal Rf8f4]} 19. Qb4 Rac8 {[#] ( -> ...Rc2)} 20. h3 (20. Qxd6 {feels hotter.} Rc2 21. Qxe5+ Kf7 22. Qg5 Rxg2+ 23. Kh1) 20... Qd7 $1 21. Rf2 Rf7 22. Raf1 Rcf8 23. a4 b6 24. b3 Qe7 25. Qd2 Qh4 {[%cal Rf7f4]} (25... exf4 {with more complications.} 26. Qxd4+ Kg8 27. b4 g5 28. Re1 Re8) 26. fxe5 {[#] Rxf7+ is the strong threat.} Rxf2 27. Rxf2 Qxf2+ 28. Qxf2 Rxf2 29. Kxf2 dxe5 $11 {KP-KP} 30. Ke2 Kf7 31. g4 g5 32. Kd3 Ke7 33. Kd2 {A rather calm draw.  Weighted Error Value: White=0.07/Black=0.06} 1/2-1/2

[Event "EWCCC Online Final 2020"]
[Site "Online"]
[Date "2020.12.21"]
[Round "4.1"]
[White "Antolak, Julia"]
[Black "Balajayeva, Khanim"]
[Result "1-0"]
[WhiteElo "2307"]
[BlackElo "2376"]
[Annotator "TA"]
[PlyCount "127"]
[EventDate "2020.12.19"]
[EventType "team-tourn"]
[EventCountry "NET"]
[SourceTitle "playchess.com"]
[Source "ChessBase"]
[SourceQuality "1"]

{[%evp 20,127,41,-12,21,17,71,55,81,67,62,47,47,17,18,14,34,33,52,37,41,38,42,0,0,0,0,-22,-23,-22,-19,-16,-20,-25,-18,-79,-60,-92,-91,-189,-176,-323,-295,-292,-208,-210,-194,-311,-306,-314,-166,-164,-173,-360,-272,-277,-262,-232,-254,-356,-383,-383,-379,-366,-359,-310,-67,-171,-168,-141,-95,-258,-241,-291,-264,-393,-394,-383,-293,-372,-365,-417,-369,-811,-431,-378,-394,-576,-552,-454,-256,-229,-252,-237,-238,-181,587,600,5858,5150,29986,29987,29989,29990,29990,29991,29991,29992,29993,29994]} 1. e4 e5 2. Nf3 Nc6 3. Bb5 a6 4. Ba4 Nf6 5. O-O Be7 6. Re1 b5 7. Bb3 d6 8. c3 O-O 9. h3 Nb8 {The modern move.} 10. d4 Nbd7 11. Nh4 (11. Nbd2 $14) 11... Bb7 {C95: Closed Ruy Lopez: Breyer Variation with 10 d4.} 12. Nf5 $1 c5 {[#]} (12... Re8 $11) 13. d5 $146 ({Predecessor:} 13. Bg5 Re8 14. dxe5 Nxe5 15. Bxf6 Bxf6 16. Nxd6 Re7 17. Nxb7 Qxd1 18. Rxd1 Rxb7 19. Bd5 {1-0 (47) Colovic,A (2443)-Ghosh,D (2570) chess.com INT 2017}) 13... Re8 {White is slightly better.} 14. Nxe7+ (14. a4 {is interesting.} Bf8 15. Qf3 h6 16. Bc2 Kh7 17. Na3) 14... Qxe7 15. Bg5 h6 16. Bh4 Nf8 17. a4 g5 18. Bg3 Ng6 19. Nd2 Reb8 20. Bc2 Bc8 21. axb5 axb5 22. Qe2 Bd7 23. b4 c4 24. Qe3 Qd8 25. Nf1 $1 Nf4 26. Nh2 N6h5 27. Rxa8 (27. Nf1 $11) 27... Rxa8 $17 28. Bd1 Kg7 (28... Nxg3 $6 29. fxg3 Nd3 30. Rf1 $14) 29. Bg4 (29. Bf3 $17) 29... Bxg4 $19 30. hxg4 (30. Nxg4 $142 Nd3 31. Rd1) 30... Nxg3 31. Qxg3 Qb6 32. Nf1 Nd3 33. Rb1 (33. Rd1 $142 Ra2 34. Qe3 Qxe3 35. Nxe3) 33... Ra2 {[%cal Rd3f2]} 34. Ne3 Rxf2 (34... Nxf2 $142 35. Re1 Nd3) 35. Kh2 Kh7 36. Ra1 $2 (36. Rf1 Rf4 37. Rf3) 36... Re2 37. Nf5 Nf4 ({And not} 37... Rxe4 38. Qh3 $1 {[%mdl 512]} Qg1+ 39. Rxg1 h5 40. Qxh5+ Kg8 41. Qxg5+ Kh8 42. Qg7#) 38. Qf3 {[#]} Rf2 $1 {[%cal Rf2f3]} 39. Qe3 (39. Qg3 {was the only chance.}) 39... Rxg2+ {[%mdl 64] Double Attack} 40. Kh1 Qxe3 41. Nxe3 {[%mdl 4096] Endgame KRN-KRN} Re2 42. Nf5 Nh3 $2 ({Better is} 42... Rxe4 $19 43. Nxd6 Re3 44. Nxb5 Rh3+ 45. Kg1 Nxd5) 43. Ra7 ({White should try} 43. Nxd6 $15 Kg6 44. Ra7) 43... Nf2+ {[%mdl 64] Double Attack} 44. Kg1 Nxg4 {aiming for ...Re1+.} 45. Rxf7+ $2 (45. Nxd6 $17 Kg6 46. Nxf7) 45... Kg6 46. Rg7+ Kf6 47. Rd7 (47. Rh7 $142) 47... Rxe4 48. Nxd6 Re1+ 49. Kg2 Rd1 50. Nxb5 {[#]} Rxd5 $1 {[%mdl 512]} 51. Rc7 $2 (51. Rd6+ Ke7 52. Rb6) (51. Rxd5 Ne3+) 51... Ne3+ 52. Kf3 Rd3 {Hoping for ...Nd5+.} ({Less strong is} 52... Rxb5 53. Kxe3 h5 54. Rxc4 $19) 53. Ke4 (53. Rc6+ $142 Kg7 54. Ke4) 53... g4 54. Rc6+ Kg5 (54... Kg7 $142 55. Rc7+ Kg6) 55. Nd6 h5 {Strongly threatening ...g3.} ({Not} 55... Rxc3 56. Nf7+ Kh4 57. Rxh6+ Kg3 58. Nxe5 $15) 56. Nf7+ Kh4 57. Nxe5 Nd5 $4 {[%mdl 8192]} (57... Rxc3 $19 {avoids the disaster. And now ...Kg3 would win.} 58. Ng6+ Kg3) 58. Nxd3 $18 Nxc3+ {[#]} 59. Kd4 $1 cxd3 60. Kxc3 {KR-K3P. White mates.} g3 61. Rg6 Kh3 62. b5 {[%cal Bb4b5,Bb5b6,Bb6b7][%mdl 32]} g2 63. b6 Kh2 64. b7 {Weighted Error Value: White=0.43/Black=0.57} 1-0

[Event "EWCCC Online Final 2020"]
[Site "Online"]
[Date "2020.12.21"]
[Round "4.1"]
[White "Fataliyeva, Ulviyya"]
[Black "Kulon, Klaudia"]
[Result "1-0"]
[WhiteElo "2301"]
[BlackElo "2347"]
[Annotator "TA"]
[PlyCount "85"]
[EventDate "2020.12.19"]
[EventType "team-tourn"]
[EventCountry "NET"]
[SourceTitle "playchess.com"]
[Source "ChessBase"]
[SourceQuality "1"]

{[%evp 16,85,-10,-11,6,-60,-25,-86,-82,-81,-70,-85,-18,-22,45,53,62,35,74,64,70,67,85,73,123,137,117,126,127,110,146,129,114,89,125,130,138,117,198,206,189,115,239,60,183,20,162,55,55,43,43,45,626,98,90,79,89,82,133,93,1272,1272,2389,2390,1830,1535,29991,29992,29994,29995,29995,29996]} 1. d4 d5 2. c4 e6 3. Nc3 c6 4. cxd5 exd5 5. Qc2 Bd6 6. Nf3 Ne7 7. Bg5 f6 8. Bh4 Bf5 9. Qd2 O-O {[#] D31: Queen's Gambit Declined: Semi-Slav without ...Nf6 (+ Marshall Gambit and Noteboom) and Exchange Variation lines without ...Nf6.} 10. Rg1 $146 (10. e3 $11) ({Predecessor:} 10. e3 Kh8 11. Bd3 Qd7 12. Bg3 Bxd3 13. Qxd3 Na6 14. Bxd6 Qxd6 15. a3 Nc7 16. O-O Ng6 17. b4 a6 18. Rab1 {0-1 (50) Swicarz,M (2325)-Girish,A (2498) chess.com INT 2020}) 10... Ng6 11. g4 (11. Bg3 $11 {remains equal.}) 11... Be4 $1 $17 {Black is better.} 12. Bg3 Bxf3 13. exf3 Re8+ (13... f5 $17 14. gxf5 Nh4) 14. Be2 $11 b5 ({Better is} 14... Qc7 $11) 15. Kf1 $14 b4 16. Nd1 a5 17. Bd3 Qc7 18. Qc2 Nf8 19. Ne3 Bxg3 20. hxg3 Qb6 21. Rd1 Na6 22. Kg2 b3 23. axb3 ({Don't play} 23. Qxb3 Qxb3 24. axb3 g6 $16) 23... Nb4 24. Qc1 Nxd3 25. Rxd3 Ne6 26. Rgd1 a4 (26... Rab8 $16 {is a better defense.}) 27. bxa4 $18 Rxa4 {[%cal Re6d4]} 28. Qc3 (28. Re1 $1 $18) 28... Rb4 (28... Ra2 $16) 29. R1d2 $2 (29. Re1 $1 $18) 29... Rb8 ({Black should try} 29... g6 $1 $14) 30. f4 $2 (30. Nf5 $18 {aiming for Re2.} Rb3 31. Qc1) 30... Ra8 (30... Rb3 $11 31. Qxb3 Qxb3 32. Rxb3 Rxb3) 31. f5 (31. Nf5 $18 {Strongly threatening Re2.} Rc4 32. Qb3 Qxb3 33. Rxb3) 31... Ng5 $14 {Threatens to win with ...Ne4.} 32. f3 Nf7 33. Rc2 Ra6 $2 {[%mdl 8192] [#]} (33... Rb8 $14) 34. Qd2 $2 (34. Nxd5 $1 $18 {[%mdl 512] is the precise move to win.} cxd5 35. Qc8+ Qd8 36. Qxa6) 34... Qb7 $16 35. Qe2 {And now Nxd5! would win.} h6 36. Nd1 $36 {[%mdl 2048] White is on the roll.} Qd7 (36... Ra8 $142) 37. Re3 Kf8 $2 {[%mdl 8192]} (37... Ra7 $16) 38. Qxa6 $18 Rxd4 39. Qa8+ Nd8 40. Rce2 {Threatening mate with Qa3+.} Rxd1 41. Qa3+ {White mates.} Kg8 42. Re8+ Kh7 43. Qf8 {Accuracy: White = 53%, Black = 37%.} 1-0

[Event "EWCCC Online Final 2020"]
[Site "Online"]
[Date "2020.12.21"]
[Round "4.2"]
[White "Kashlinskaya, Alina"]
[Black "Papp, Petra"]
[Result "1/2-1/2"]
[WhiteElo "2494"]
[BlackElo "2336"]
[Annotator "RC"]
[PlyCount "59"]
[EventDate "2020.12.19"]
[EventType "team-tourn"]
[EventCountry "NET"]
[SourceTitle "playchess.com"]
[Source "ChessBase"]
[SourceQuality "1"]
[TimeControl "900+5"]

1. d4 {[%emt 0:00:00]} Nf6 {[%emt 0:00:07]} 2. c4 {[%emt 0:00:03]} g6 {[%emt 0:00:02]} 3. Nc3 {[%emt 0:00:02]} d5 {[%emt 0:00:01]} 4. Bg5 {[%emt 0:00:02]} Ne4 {[%emt 0:00:06]} 5. Bf4 {[%emt 0:00:03]} Nxc3 {[%emt 0:00:06]} 6. bxc3 {[%emt 0:00:01]} Bg7 {[%emt 0:00:09]} 7. e3 {[%emt 0:00:03]} c5 {[%emt 0:00:05]} 8. Nf3 {[%emt 0:00:03]} cxd4 {[%emt 0:00:04]} 9. cxd4 {[%emt 0:00:03]} O-O {[%emt 0:00:13]} 10. Qd2 {[%emt 0:01:34]} Nc6 {[%emt 0:00:18]} 11. Rc1 {[%emt 0:00:38]} Bg4 {[%emt 0:00:46]} 12. Be2 {[%emt 0:02:08]} Rc8 {[%emt 0:00:31]} 13. cxd5 {[%emt 0:00:34]} Qxd5 {[%emt 0:00:06]} 14. h3 {[%emt 0:00:01]} Bf5 {[%emt 0:01:34]} 15. Rc5 {[%emt 0:01:50]} Qd8 {[%emt 0:03:35]} 16. O-O {[%emt 0:00:09]} b6 {[%emt 0:00:32]} 17. Rxf5 {[%emt 0:00:17]} gxf5 {[%emt 0:00:08]} 18. Ba6 {[%emt 0:00:01]} Qd7 {[%emt 0:01:33]} 19. Bxc8 {[%emt 0:00:47]} Rxc8 {[%emt 0:00:02]} 20. Rc1 {[%emt 0:00:02]} e6 {[%emt 0:00:27]} 21. Rc2 {[%emt 0:01:07]} Ne7 {[%emt 0:00:22]} 22. Be5 {[%emt 0:02:05]} Rxc2 {[%emt 0:00:14]} 23. Qxc2 {[%emt 0:00:03]} Qc6 {[%emt 0:00:06]} 24. Qd2 {[%emt 0:00:16]} Ng6 {[%emt 0:01:37]} 25. Bxg7 {[%emt 0:00:05]} Kxg7 {[%emt 0:00:02]} 26. Qb2 {[%emt 0:00:20]} Kg8 {[%emt 0:00:27]} 27. Qe2 {[%emt 0:01:12]} Kg7 {[%emt 0:00:57]} 28. Qb2 {[%emt 0:00:05]} Kg8 {[%emt 0:00:04]} 29. Qe2 {[%emt 0:00:06]} Kg7 {[%emt 0:00:01]} 30. Qb2 {[%emt 0:00:05]} 1/2-1/2

[Event "EWCCC Online Final 2020"]
[Site "Online"]
[Date "2020.12.21"]
[Round "4.2"]
[White "Hoang, Thanh Trang"]
[Black "Khademalsharieh, Sarasadat"]
[Result "0-1"]
[WhiteElo "2404"]
[BlackElo "2494"]
[Annotator "TA"]
[PlyCount "72"]
[EventDate "2020.12.19"]
[EventType "team-tourn"]
[EventCountry "NET"]
[SourceTitle "playchess.com"]
[Source "ChessBase"]
[SourceQuality "1"]

{[%evp 9,71,-4,15,11,32,15,22,12,33,13,10,12,15,22,31,25,81,61,112,90,109,102,209,208,327,266,337,258,237,214,260,152,229,229,229,233,226,62,89,35,21,-612,-612,-599,-592,-29987,-29988,-29988,-29989,-29989,-29990,-29990,-29991,-29991,-29992,-29994,-29995,-29996,-29997,-29997,-29998,-29998,-29999,-29999]} 1. d4 d5 2. Bf4 Nf6 3. e3 c5 4. Nf3 Nc6 5. Nbd2 cxd4 6. exd4 {D02: 1 d4 d5 2 Nf3 sidelines, including 2...Nf6 3 g3 and 2...Nf6 3 Bf4.} Bf5 7. c3 e6 8. Qb3 {The position is equal.} Bd6 $1 {[%mdl 4] is more profitable than 8...Qc8 at the moment.} 9. Qxb7 Bxf4 10. Qxc6+ Kf8 11. Qa6 g6 12. g3 {[#]} Bh6 $146 (12... Bxd2+ $11 13. Nxd2 Kg7) ({Predecessor:} 12... Bd6 13. Bg2 Rb8 14. Nb3 Qc7 15. O-O h5 16. Nh4 Be4 17. Bxe4 Nxe4 18. Qe2 g5 {0-1 (62) Gumularz,S (2376)-Hector,J (2493) London 2017}) 13. Bd3 Ne4 ({Black should try} 13... Bxd2+ $14 14. Nxd2 (14. Kxd2 Ne4+ 15. Ke3 Kg7 $14) 14... Bxd3 15. Qxd3 Kg7) 14. Bxe4 $16 dxe4 15. Ne5 {Hoping for Qb7!} e3 (15... Bxd2+ $16 16. Kxd2 f6) 16. fxe3 $18 {aiming for Qb7.} Qd5 (16... f6 {was called for.}) 17. Kf2 f6 18. c4 Qd8 19. Nc6 Qc7 20. d5 (20. b4 $18) 20... exd5 (20... Kg7 $16 {keeps fighting.} 21. e4 Bh3) 21. cxd5 Kg7 22. Rhe1 Rhe8 23. Nd4 $2 (23. Qc4 $18) 23... Qe5 $14 {[%cal Rh6e3] [#]} 24. Qb7+ (24. Nc4 $1 $16 {[%cal Rc4e5]} Qxd5 25. Nd6 Bxe3+ {[%mdl 64] Remove Defender} 26. Rxe3 Qxd4 27. Nxe8+ Rxe8 28. Rae1) 24... Re7 25. Qxa8 $4 {[%mdl 8192] This move loses the game for White.} (25. Qb3 $11 Rb8 26. Qa3) 25... Bxe3+ $19 26. Kg2 Qxd4 27. Rad1 {Threatening Nf3.} Be4+ {Black mates.} 28. Nxe4 Qxe4+ 29. Kh3 Qf5+ 30. Kg2 Qf2+ 31. Kh3 Re5 32. Qb7+ Kh6 33. Rd4 Rh5+ 34. Rh4 Rxh4+ {[%mdl 64] [#] Overworked Piece} 35. Kxh4 Qxh2+ 36. Kg4 Qh5# {Weighted Error Value: White=0.63/Black=0.25} 0-1